|
|
|
|
| LEADER |
01311nam a2200265 a 4500 |
| 001 |
14325622 |
| 008 |
090721s2005 bg bs 000 0 eng d |
| 010 |
|
|
|a 2006345784
|
| 082 |
0 |
0 |
|a 306/.095492
|2 22
|
| 245 |
0 |
0 |
|a Bangladesh PRSP forum economic update :
|b recent developments and future perspectives.
|
| 260 |
|
|
|a [Dhaka] :
|b The World Bank Office, Dhaka,
|c 2005.
|
| 300 |
|
|
|a 66 p. ;
|c 29 cm.
|
| 490 |
0 |
|
|a Bangladesh development series ;
|v paper no. 1
|
| 500 |
|
|
|a "Document of the World Bank."
|
| 500 |
|
|
|a Includes statistical tables.
|
| 504 |
|
|
|a Includes bibliographical references.
|
| 541 |
1 |
|
|e 00018466
|
| 650 |
|
0 |
|a Economic assistance, Domestic
|z Bangladesh.
|
| 650 |
|
0 |
|a Structural adjustment (Economic policy)
|z Bangladesh.
|
| 650 |
|
0 |
|a Poverty
|x Government policy
|z Bangladesh.
|
| 710 |
2 |
|
|a World Bank.
|b Bangladesh Dhaka Office.
|
| 852 |
4 |
|
|a School of Public Health
|j General Shelf.
|
| 999 |
|
|
|c 2639
|d 2639
|
| 952 |
|
|
|0 0
|1 0
|2 ddc
|4 0
|6 306_095492000000000_BAN
|7 0
|9 2404
|a JPGSPH
|b JPGSPH
|d 2009-04-28
|e A H Development Publishing House.
|l 0
|o 306.095492 BAN
|p 3040018466
|r 2009-07-22
|t 1
|w 2009-07-22
|y BK
|
| 952 |
|
|
|0 0
|1 0
|2 ddc
|4 0
|6 306_095492000000000_BAN_2005
|7 0
|9 4240
|a BRACUL
|b BRACUL
|c GEN
|d 2009-10-12
|g 0.00
|l 0
|o 306.095492 BAN
|p 3010015642
|r 2009-10-12
|t 2
|w 2009-10-12
|y BK
|x No price found in the accession register.
|